For Whom The Bells Tolls - Metallica (Lyrics Quiz) - Statistiques

Statistiques générales
  • Ce quiz a été pris 22 fois
  • Le résultat moyen est 90 sur 161
Statistiques - réponses
Réponse % Correct
be
100%
bell
100%
for
100%
For
100%
the
100%
to
100%
tolls
100%
whom
100%
Time
87%
time
87%
a
80%
you
80%
day
73%
fight
73%
die
67%
early
67%
just
67%
last
67%
on
67%
they
67%
will
67%
before
60%
hill
60%
in
60%
It's
60%
know
60%
look
60%
sky
60%
Take
60%
is
53%
Make
53%
men
53%
Men
53%
alive
47%
do
47%
gun
47%
inside
47%
not
47%
still
47%
why
47%
but
40%
deep
40%
endless
40%
from
40%
his
40%
kill
40%
marches
40%
right
40%
say
40%
their
40%
who's
40%
yes
40%
chill
33%
Constant
33%
crumbling
33%
eyes
33%
five
33%
grey
33%
of
33%
pride
33%
run
33%
what
33%
would
33%
Gone
27%
gone
27%
insane
27%
massive
27%
pain
27%
raging
27%
roar
27%
ruthless
27%
see
27%
so
27%
surely
27%
that
27%
this
27%
through
27%
with
27%
all
20%
are
20%
Blackened
20%
blinded
20%
cry
20%
except
20%
fills
20%
loud
20%
mystery
20%
now
20%
Now
20%
silence
20%
test
20%
Crack
13%
dawn
13%
glow
13%
Hears
13%
Shattered
13%
Shouting
13%
soul
13%
Stiffened
13%
Stranger
13%
they're
13%
wounds
13%
goal
7%
Oh
7%
Aucun quiz correspondant
Distribution des résultats
% des personnes avec chaque résultat
Percentile par nombre de réponses
Votre historique - résultats
Vous n’avez pas pris ce quiz